Proyecto Piedemonte Andino Amazónico - Colombia : (Registro nro. 20833)

Detalles MARC
000 -CABECERA
Campo de control 01624nam a2200301 a 4500
005 - FECHA Y HORA DE LA ULTIMA TRANSACCION
Campo de control 20200211103318.0
008 - ELEMENTOS DE LONGITUD FIJA—INFORMACION GENERAL
Campo de control 130612s2011 ck a gr 000 0dspa d
015 ## - NATIONAL BIBLIOGRAPHY NUMBER
National bibliography number ck-2011-xxxx
040 ## - FUENTE DE CATALOGACIÓN
Agencia catalogadora original CO-BoBLA
Agencia transcriptora CO-BoBLA
041 0# - IDIOMA
Código de idioma para texto/pista de sonido o título separado Español
043 ## - GEOGRAPHIC AREA CODE
Geographic area code s-ck---
082 04 - NUMERO DE CLASIFICACION DECIMAL DEWEY
Número de clasificación 333.9516
Número del ítem C65p
110 2# - ASIENTO PRINCIPAL--NOMBRE CORPORATIVO
Nombre corporativo o de jurisdicción como elemento de entrada Colombia.
Unidad subordinad Ministerio de Ambiente, Vivienda y Desarrollo Territorial.
-- Viceministerio de Ambiente.
245 10 - MENCION DE TITULO
Título Proyecto Piedemonte Andino Amazónico - Colombia :
Parte restante del título Creación y consolidación de Áreas protegidas, síntesis de resultados 2007-2010
Mención de responsabilidad Ministerio de Ambiente, Vivienda y Desarrollo Territorial, Parques Nacionales Naturales de Colombia, Moore Foundation ; textos Juan Carlos Sandino, Beatriz Gómez Toro ; fotografía Alvaro Gaviria, Diego Luis Muñoz Sosa, Giovanny Pulido.
260 ## - PUBLICACION, DISTRIBUCION, ETC. (PIE DE IMPRENTA)
Lugar de publicación, distribución, etc. Bogotá :
Nombre del editor, distribuidor, etc. Ministerio de Ambiente, Vivienda y Desarrollo Territorial. Viceministerio de Ambiente,
Fecha de publicación, distribución, etc. 2011.
300 ## - DESCRIPCION FISICA
Extensión 25 p. :
Otros detalles físicos il. ;
Dimensiones 22 cm.
650 #4 - ASIENTO SECUNDARIO DE MATERIA - TERMINO TEMATICO
Término temático o nombre geográfico como elemento de entrada Areas protegidas
Subdivisión geográfica Piedemonte amazónico (Colombia)
Subdivisión cronológica 2007-2010
Subdivisión de forma Proyectos.
650 #4 - ASIENTO SECUNDARIO DE MATERIA - TERMINO TEMATICO
Término temático o nombre geográfico como elemento de entrada Conservación de los recursos naturales
Subdivisión geográfica Piedemonte amazónico (Colombia)
Subdivisión cronológica 2007-2010.
650 ## - ASIENTO SECUNDARIO DE MATERIA - TERMINO TEMATICO
Término temático o nombre geográfico como elemento de entrada Parques nacionales
Subdivisión geográfica Piedemonte amazónico (Colombia)
Subdivisión cronológica 2007-2010.
700 1# - ASIENTO SECUNDARIO - NOMBRE PERSONAL
Nombre personal Sandino Franco, Juan Carlos.
700 1# - ASIENTO SECUNDARIO - NOMBRE PERSONAL
Nombre personal Gómez Toro, Beatriz.
700 1# - ASIENTO SECUNDARIO - NOMBRE PERSONAL
Nombre personal Gaviria, Alvaro,
Término de relación fot.
700 1# - ASIENTO SECUNDARIO - NOMBRE PERSONAL
Nombre personal Muñoz Sosa, Diego L.,
Fechas asociadas con el nombre 1963-,
Término de relación fot.
700 1# - ASIENTO SECUNDARIO - NOMBRE PERSONAL
Nombre personal Pulido, Giovanny,
Término de relación fot.
710 2# - ASIENTO SECUNDARIO - NOMBRE CORPORATIVO
Nombre corporativo o de jurisdicción como elemento de entrada Moore Foundation.
942 ## - ELEMENTOS ADICIONALES (KOHA)
Sistema de clasificación Local
Tipo de ítem Folleto
949 ## - LOCAL PROCESSING INFORMATION (OCLC)
a n
b n
Existencias
Withdrawn status Lost status Sistema de Clasificación Damaged status No para préstamo Colección Ubicación Permanente Ubicación actual Fecha de adquisición Total Checkouts Número topográfico Inventario / Código de Barras Date last seen Ejemplar Price effective from Forma de adquisición Tipo de material
    Local     Hemeroteca Bogotá Bogotá 11/02/2020   FG-0459 034650 11/02/2020 Ej. 1 11/02/2020 Donación Folleto